000 00264nam a2200109Ia 4500
008 200302s9999 xx 000 0 und d
100 _aP.R.G. Mathur
245 _aSacred Complex Of The Guruvayur Temple
260 _bAryan Books
260 _c2009
300 _a246 P.,
999 _c4389
_d4389